000 00381 a2200169 4500
001 191591
020 _a978-85-262-6828-9
040 _cMagnum
100 _aCarrascoza, João Anzanello
240 1 0 _aDe papo com a noite
_lpor
245 1 0 _aDe papo com a noite
300 _a24
362 0 _a2008
440 1 _aScipione
697 _aLITERATURA INFANTO-JUVENIL
942 _cBK
999 _c191591
_d191591